00389 a2200109 4500001001000000005001700010008004100027245009800068100002100166700001900187773007300206ART_4359420260410162024.0260409a 10aOn the relation between optimal incentive structures and the cost and benefits of bottlenecks1 aGietzmann, Miles1 aHemmer, Thomas0 tJournal of labor economicsg- Vol. 20, NÂș 2/2 (abr. 2002)wREV43438